Częstochowa - quiz wielokrotnego wyboru - Statystyki

Ogólne statystyki
  • Ten quiz został rozwiązany 807 razy
    806 od ostatniego zresetowania
  • Średni wynik to 6 z 10
Statystyki odpowiedzi
Zagadnienie Odpowiedź % Poprawnych
Jaki klub sportowy w 2023 r. zdobył tytuł mistrza Polski w piłce nożnej? Raków
96%
Które święto gromadzi tysiące pielgrzymów na Jasnej Górze? Wniebowzięcie Najświętszej Maryi Panny
82%
Jak nazywa się znany obraz znajdujący się na Jasnej Górze? Matka Boska Częstochowska
81%
Która z poniższych rzek przepływa przez Częstochowę? Warta
76%
Które z poniższych zdjęć NIE przedstawia miejsca w Częstochowie?
72%
Kto dowodził obroną klasztoru na Jasnej Górze w 1655 roku? Augustyn Kordecki
64%
Kto kierował Konfederatami podczas konfederacji barskiej w 1768 r? Kazimierz Pułaski
42%
Z którego wieku pochodzi pierwsza wzmianka o Częstochowie? XIII w.
24%
Czyim imieniem została nazwana Filharmonia Częstochowska? Bronisława Hubermana
23%
Jak nazywa się najbardziej zaludniona dzielnica Częstochowy? (Stan na 2023 r.) Północ
17%
Nie znaleziono quizów pasujących do podanych kryteriów
Rozkład punktacji
Procent ludzi z każdym wynikiem
Percentyl według liczby udzielonych odpowiedzi
Twoja historia wyników
Nie rozwiązałeś tego quizu od ostatniego zresetowania